000 00624nam a2200217Ia 4500
005 20250326144112.0
008 250326s9999 xx 000 0 und d
020 _a0-415-32898-5
037 _aTextbook
040 _aFMSL
_beng
_cFMSL
041 _aeng
_2eng
084 _aX:89 P5
_qFMSL
100 _aOsborne S P
_9749035
245 0 _aManaging change and innovation in public service organizations
_cOsborne S P; Brown K
260 _aNY
_bNY, Routledge
_c2005
300 _ax,262
365 _b150911.88679599998
650 _aInnovation
_9434846
942 _cTB
_hX:89 P5
999 _c1302365
_d1302365